000
00227nam a22000857a 4500
008
160704b xxu||||| |||| 00| 0 eng d
100
_9
1958
_a
Neogy, J.L
245
_a
Rapidex Computer Course
260
_a
New Delhi
_b
Pustak Mahal
_c
2005
999
_c
1659
_d
1659